| 000 | 00768nam a2200229Ia 4500 | ||
|---|---|---|---|
| 003 | GCL | ||
| 008 | 140319s9999 xx 000 0 ara d | ||
| 020 | _a814305977 | ||
| 040 |
_aGCL / _cGCL |
||
| 082 | 0 | 4 |
_a791.43 _bر ن |
| 100 | 1 | _aرفيق الصبان | |
| 245 | 1 | 0 |
_aنبيلة عبيد النجمة / _cرفيق الصبان |
| 250 | _aالاولى | ||
| 260 |
_aالقاهرة : _bوزارة الثقافة - صندوق التنمية الثقافية ، _c2005 |
||
| 300 |
_a149ص ؛ _c20سم |
||
| 650 | 0 | 4 | _aالسينما |
| 650 | 0 | 4 | _aالسينما - تراجم |
| 650 | 0 | 4 | _aالممثلون والممثلات المصريون |
| 650 | 0 | 4 | _aالممثلون والممثلات فى الفن |
| 650 | 0 | 4 | _aنبيلة عبيد |
| 942 |
_2ddc _cBK |
||
| 999 |
_c7808 _d7808 |
||